000
00303nam a2200121Ia 4500
008
150201s2000 xx 000 0 und d
082
_a
616.01
_b
S00S
100
_a
SMITH,M.B.JOHN
245
_a
THE SURGEONS GUIDE TO ANTIMICROBIAL
260
_b
ARNOLD
_a
LONDON
_c
2000
650
_a
SURGERY
942
_2
ddc
_c
BK
999
_c
1210
_d
1210